00871 2200217 4500001002100000005001500021035002000036007000300056008004100059020002200100082000800122084001400130245017200144260004000316300004600356650001800402110002000420520018600440250001100626990001600637INLIS00000000000047820221108080615 a0010-1122000072ta221108 b 1 ind  a978-602-252-904-0 a813 a813 TIM c1 aCerita Rakyat Nusantara 2 :bBawang Merah Bawang Putih, Jaka Tarub, Si Sigarlaki dan Si Limbat, Ular N'Daung, Legenda Dwi Sri, Asal Usul Banyuwangii /cTim Penulis EFK aJakarta :bErlangga For Kids,c2017 a79 halaman :bilustrasi berwarna ;c23 cm 4aCerita Rakyat0 aTim Penulis EFK aBuku Cerita Rakyat Nusantara mengajakmu menemukan pesan-pesan moral pada cerita rakyat. Ikutlah bertualang ke seluruh wilayah nusantara melalui cerita-cerita menarik dalam buku ini. aCet. I a00000000612